Who am I this time? Female portraits in british and american literature

Shranjeno v:
Bibliografske podrobnosti
Glavni avtor: Pearson, Carol
Format: Knjiga
Jezik:Undetermined
Izdano: New York, Estados Unidos McGraw Hill Book 1976
Teme:
Oznake: Označite
Brez oznak, prvi označite!

MARC

LEADER 00000nam a2200000Ia 4500
008 170316s9999 xx 000 0 und d
040 |a cru BVZT 
090 |a 810 P-7w 
100 |a Pearson, Carol 
245 |a Who am I this time? Female portraits in british and american literature 
260 |a New York, Estados Unidos 
260 |b McGraw Hill Book 
260 |c 1976 
300 |a 305 páginas 
650 |a LITERATURA ESTADOUNIDENSE 
999 |c 6068  |d 6068 
942 |c 15 D  |h 810 P-7w  |2 z